• 首页
  • 本馆介绍
  • 公告通知
  • 最新文献
  • 馆藏检索
  • 电子资源
  • 读者导购
  • 参考咨询
  • 我的图书馆
  • 登录
  • 详细信息显示
  • 放入我的书架
  • 预约/预借图书
  • 作者相关作品
  • 分类相关作品
  • 丛书相关作品
  • 出版社相关作品

书目信息

  • 表格格式
  • 工作单格式
  • 卡片格式
题名:
地球系统科学与可持续发展
    
 
作者: 毕思文 著
分册:  
出版信息: 北京   地质出版社  1998.04
页数: 260页
开本: 16开
丛书名:
单 册:
中图分类: X2
科图分类:
主题词: 环境--综合研究
电子资源:
ISBN: 7-116-02564-2
000 00553nam0 2200193 45
001 0009251690
005 20031219104046.4
010    @a7-116-02564-2@dCNY42.80
100    @a20000925d1998 km y0chiy0120 ea
101 0  @achi
105    @a z 000yy
200 1  @a地球系统科学与可持续发展@ADi Qiu Xi Tong Ke Xue Yu Ke Chi Xu Fa Zhan@f毕思文著@FBi Si Wen Zhu
210    @a北京@c地质出版社@d1998.04
215    @a260页@d16开
606 0  @a环境@x综合研究
690    @aX2@v1
701  0 @a毕思文@4著
801    @aCN@bTSTC@c20000925
905    @b290893-897@dX2@e5@f5
    
    地球系统科学与可持续发展/毕思文著.-北京:地质出版社,1998.04
    260页;16开
    
    
    ISBN 7-116-02564-2:CNY42.80
    
●
相关链接 在E读中查询图书 在五车中查询图书 在当当中查询图书 在豆瓣中查询图书


正题名:地球系统科学与可持续发展     索取号:X2/5         预约/预借

序号 登录号 条形码 馆藏地/架位号 状态 备注
1 0290893   002908937   第三借阅区/ [索取号:X2/5] 在馆    
2 0290894   002908946   第三借阅区/ [索取号:X2/5] 在馆    
3 0290895   002908955   第三借阅区/ [索取号:X2/5] 在馆    
4 0290896   002908964   第三借阅区/ [索取号:X2/5] 在馆    
5 0290897   002908973   第二样本阅览室/ [索取号:X2/5] 在馆    
唐山师范学院图书馆 欢迎您!
大连网信软件有限公司© 版权所有